| 000 | 00978cam a22002771 4500 | ||
|---|---|---|---|
| 999 |
_c127467 _d127467 |
||
| 001 | 8033550 | ||
| 003 | ARRUPE | ||
| 005 | 20180124082706.0 | ||
| 008 | 771215s1969 fr b 000 0 fre | ||
| 010 | _a 70419041 | ||
| 035 | _a(OCoLC)3493199 | ||
| 040 |
_aDLC _cNRU _dOCoLC _dDLC |
||
| 042 | _apremarc | ||
| 050 | 0 | 0 |
_aBL2400 _b.T54 |
| 100 | 1 |
_aThomas, Louis-Vincent, _d1922- _938364 |
|
| 245 | 1 | 4 |
_aLes Religions d'Afrique noire, _btextes et traditions sacrés _c Louis-Vincent Thomas _cet René Luneau avec le concours de J.-L. Doneux. |
| 260 |
_aParis, _bFayard, Denoël, _c1969. |
||
| 300 |
_a409 p. _c24 cm. |
||
| 490 | 0 | _aLe Trésor spirituel de l'humanité | |
| 504 | _aBibliography: p. [395]-400. | ||
| 651 | 0 |
_aAfrica, Sub-Saharan _xReligion. _938801 |
|
| 700 | 1 |
_aLuneau, René, _ejoint author. _938510 |
|
| 700 | 1 |
_aDoneux, J. L. _q(Jean L.) _ejoint author. _938802 |
|
| 906 |
_a7 _bcbc _coclcrpl _du _encip _f19 _gy-gencatlg |
||
| 942 |
_2lcc _cMONOGRAPH |
||